Регионална библиотека "Любен Каравелов" - Русе

Да приемем различните от нас (Запис номер 167699)

MARC детайли
000 -Лидер
Контролно поле с фиксирана дължина 01680nam a2200421 a 4500
003 - Код на организацията, давaща контролен номер
Контролно поле BLK
005 - Дата и час на последна редакция
Контролно поле 20231014140342.0
008 - Елементи от данни с фиксирана дължина
fixed length control field 180411b bul|||||r ||||||| ||bul||
010 ## - Наследен системен номер
LC control number KNG00175523000
020 ## - Международен стандартен номер на книга ISBN
Международен стандартен номер на книга ISBN 978-954-426-948-7
Поясняваща информация 9786192270018
040 ## - Източник на каталожния запис
Идентификатор на билиотеката - собственик на записа BLK
041 ## - Код за език
Код за езика на текст/звукозапис или на отделно заглавие Български
Код за езика КДБФ Български
072 #7 - Код за тематичната категория
Код организация bullib
Код за тематична категория Н86
Текст Детска отраслова литература Н
080 ## - УДК
Текстов определител УДК Издания за деца и юноши. Книжки-картинки. Читанки. Вж и 372.4
УДК код - определител по УДК 087.5
УДК - код + определител 087.5
100 1# - Редна дума - Автор
Автор Мартино, Сюзън
Авторска отговорност първи автор
Автор - информация (биография) Мартиняу, Сюзън
R(LIN) 322724
139 ## - Редно поле
Редна дума Мартино, Сюзън
Авторски знак Март - М 34
245 10 - Сведения за заглавието
Заглавие Да приемем различните от нас
Редно поле (дума) Сюзън Мартино; прев. Лиляна Борисова Енева; ил. Хел Джеймс.
257 ## - Страна на издаване
Страна на създаване/издаване Съединени американски щати
260 ## - Област на издателските данни
Място на издаване, разпространение и проч. София
Име на издателя, разпространителя и проч. Анубис
Година на издаване 2013
Печатница София : Булвест принт
300 ## - Физическа характеристика
Страници 32 с.
Илюстрации и др. с цв. ил.
Размери/Мащаб 27 см
380 ## - Жанр
Жанр Детска отраслова лит.
490 ## - СЕРИИ (Колекции)
Име на серия Позитивни стъпки
9 (RLIN) 206822
500 ## - Общи забележки
Забележка Азб. показалец.
650 #4 - Допълнително описание по предмет – тема
Основно описание – тема или топоним Издания - за деца
9 (RLIN) 156309
653 ## - Ключова дума – ненормативна
Ключова дума различност
653 ## - Ключова дума – ненормативна
Ключова дума раси
653 ## - Ключова дума – ненормативна
Ключова дума религии
659 ## - Тематичен бюлетин
Тематичен бюлетин Н
700 1# - Други автори (авторска отговорност)
Лично име Енева, Лиляна Борисова
Автороска отговорност (Описва отношението между автора и произведението) прев.
9 (RLIN) 378238
700 1# - Други автори (авторска отговорност)
Лично име Джеймс, Хел
Автороска отговорност (Описва отношението между автора и произведението) ил.
9 (RLIN) 322725
852 ## - Местоположение
Форматна сигнатура Цб ІІ 20524
856 4# - Електронен адрес и достъп
Електронен формат pdf - файл
Инструкция (цена за достъп) 0.00
Права за достъп disable
856 4# - Електронен адрес и достъп
Електронен формат pdf - файл
Инструкция (цена за достъп) 0.00
Права за достъп disable
999 ## - СИСТЕМНИ КОНТРОЛНИ НОМЕРА
Koha biblionumber 167699
Koha biblioitemnumber 167699
942 ## - АРТИКУЛИ
Вид на библиотечния материал Книги
Скрит в OPAC Не
Периодичен библиозапис Да
Koha issues (borrowed), all copies 1
944 ## - СЪЗДАВАНЕ И РЕДАКЦИЯ на ЗАПИСА
Създаване/Редакция Създаване
Дата на регистрацията/редакция 20.05.2015
Служител, извършил регистрацията/редакцията 30550
Статус, дата на статуса Кети Илиева
944 ## - СЪЗДАВАНЕ И РЕДАКЦИЯ на ЗАПИСА
Създаване/Редакция Редакция
Дата на регистрацията/редакция 13.10.2015
Служител, извършил регистрацията/редакцията Грета_Цуфелде
999 ## - СИСТЕМНИ КОНТРОЛНИ НОМЕРА
Koha biblioitemnumber 167699
Наличности
Код за отписване Код за изгубен артикул Код за повреда Коз за рестрикции Код за отдаване Артикулен № Име на библиотеката - собственик Име на библиотеката, в която се намира в момента Статус (Текущо местоположение) Дата на вписване в системата Местоположение - отдел Цена в лева Инвентарен номер Систематично азбучна сигнатура Баркод Номер на екземпляра Цена в евро Служебна бележка Служебен тип на артикула Източник на класификационната схема
  Не е изгубен Не е повреден без рестрикции ползва се в читалня 282563 Регионална библиотека "Любен Каравелов" Русе Регионална библиотека "Любен Каравелов" Русе Хранилище 2015-05-26 Хранилище 4.80 120000788191 Цб ІІ 20524 120000788191 1 2.45 Дост: Dp Вид: Д N: 48 Дата: 03.11.2014 Книги  
  Не е изгубен Не е повреден без рестрикции заемане за дома 925593 Регионална библиотека "Любен Каравелов" Русе Регионална библиотека "Любен Каравелов" Русе Детски отдел 2023-03-29 Детски отдел 2.00 120000884680 1/М 34 С 120000884680   1.02   Книги Universal Decimal Classification
Vip Innovations Ltd, Rousse, Bulgaria 2025